5HLuxD.jpg

KING HENRY VIII SENIOR AND PRIMARY SCHOOL LIBRARY OPAC

The Other Day I Met a Bear (Record no. 5348)

000 -LEADER
fixed length control field 00345nam a22001217a 4500
008 - FIXED-LENGTH DATA ELEMENTS--GENERAL INFORMATION
fixed length control field 250908b ||||| |||| 00| 0 eng d
020 ## - INTERNATIONAL STANDARD BOOK NUMBER
International Standard Book Number 9781406322019
082 ## - DEWEY DECIMAL CLASSIFICATION NUMBER
Classification number 823.92 AYT
100 ## - MAIN ENTRY--PERSONAL NAME
Personal name AYTO,RUSSELL
Relator term AUTHOR
Language of a work ENGLISH
245 ## - TITLE STATEMENT
Title The Other Day I Met a Bear
260 ## - PUBLICATION, DISTRIBUTION, ETC.
Place of publication, distribution, etc. 87 VAUXHALL WALK,LONDON SE11 5HJ
Name of publisher, distributor, etc. WALKER BOOKS LTD
Date of publication, distribution, etc. 2009
942 ## - ADDED ENTRY ELEMENTS (KOHA)
Source of classification or shelving scheme
Holdings
Withdrawn status Lost status Source of classification or shelving scheme Damaged status Not for loan Collection code Permanent Location Current Location Shelving location Date acquired Total Checkouts Full call number Barcode Date last seen Date last checked out Price effective from Koha item type Public note
          Fiction KH8 Primary School Library KH8 Primary School Library Fiction 2025-09-08 1 FIC AYT KHPL000007138 2025-10-15 2025-10-07 2025-09-08 Books - Fiction PRMARY LIBRARY

Powered By KH8 IT Dept